00862 2200289 4500001002100000005001700021008004100038020001800079035002400097082001000121090001700131100002300148245016000171250001200331260003500343300002300378650003100401700002500432700002200457850001500479980001200494985000600506999001500512999001500527999001500542999001500557YOGYA-0209000003654420090227025134.0 ind  a979-9341-73-6 0010-020900000036544 a959.8 a959.8bSin R aSINGARIMBUN, Masri aReflections from Yogyabportraits of Indonesian social lifecMasri Singarimbun ; edited by Irawati Singarimbun ; translated by Patrick Guinness ...[et al.] a1st. ed aYogyakartabGalang Pressc2003 axxviii, 448c18 cm aIndonesia - Keadaan sosial aSingarimbun, Irawati aGuinness, Patrick aYOPDYOG(B) a9-11-06 a4 a06P0000789 a06P0000790 a06P0000791 a06P0000792